Peak performance aligning the hearts and minds of your employees

Salvato in:
Dettagli Bibliografici
Autore principale: Katzenbach, Jon R.
Natura: Libro
Lingua:inglese
Pubblicazione: Boston Harvard Business School Press 2000
Soggetti:
Tags: Aggiungi Tag
Nessun Tag, puoi essere il primo ad aggiungerne!!

MARC

LEADER 00000nam$a2200000$$$4500
001 0106703
005 20240311125627.7
020 |a 0-87584-936-9 
041 0 |a eng 
044 |a US 
245 1 0 |a Peak performance  |b aligning the hearts and minds of your employees  |c Jon R. Katzenbach 
264 1 |a Boston  |b Harvard Business School Press  |c 2000 
300 |a xv, 283 s. 
610 2 0 |a výkony pracovné 
610 2 0 |a motivácia pracovná 
610 2 0 |a manažment personálny 
610 2 0 |a zdroje ľudské 
610 2 0 |a zamestnanci 
100 1 |a Katzenbach, Jon R.